000 00682nam a22002537a 4500
001 34169
003 UA-OsUOA
005 20211006141319.0
007 ta
008 20050926b un ||||| |||| 00| 0 ukr d
020 _a5308003041
040 _aUA-OsUOA
_bukr
_cUA-OsUOA
_dUA-OsUOA
041 _aukr
080 _a821.161.2
090 _a821.161.2
_bС77
100 _aСтарицикий М.
245 _aДраматичні твори
_bтвори в шести томах
260 _aК.
_bДніпро
_c1989
300 _a688 с.
505 _gТ. 4
650 7 _a82 Література. Літературознавство
_2UDC
942 _cBK
_2udc
955 _a3
999 _c320605
_d320605